=LDR 00000nam 2200000 4500 =001 INLIS000000000001464 =005 20130612085850 =008 ***********************************Ind** =035 ##$$0010-061300000001464 =041 ##$$a Ind =082 ##$$a 811 =090 ##$$a 811, Sit-b =100 ##$$a SITUMORANG, Sitor =245 ##$$a Bunga di atas batu ( Si anak hilang ), Pilihan sajak 1948 - 1988, Sitor Situmorang =260 ##$$a 1989 $b Jakarta =300 ##$$a xvi, 374 hlm, 21 cm =650 ##$$a Kesusastraan Indonesia - Puisi =850 ##$$a NBPNMAT =990 ##$$a 0001/BPAP-NTB/2016 =990 ##$$a 0001/BPAP-NTB/2016